000 00308nam a22001337a 4500
008 170516b xxu||||| |||| 00| 0 eng d
020 _a0070238855
041 _aeng
080 _22ND
_a94 (7/8)
100 _a16
101 _aSHH
245 _aA HISTORY OF THE AMERICAN PEOPLE
_cGRAEBNER
942 _2udc
_cBK
999 _c13373
_d13373